[Event "RUS-ch 62nd"]
[Site "Moscow"]
[Date "2009.12.24"]
[Round "5"]
[White "Grischuk, Alexander"]
[Black "Riazantsev, Alexander"]
[Result "1-0"]
[WhiteElo "2736"]
[BlackElo "2661"]
[Annotator "Stohl,I"]
[PlyCount "61"]
[EventDate "2009.12.20"]
[EventType "tourn"]
[EventRounds "9"]
[EventCountry "RUS"]
[EventCategory "18"]
[SourceTitle "CBM 134"]
[Source "ChessBase"]
[SourceDate "2010.01.18"]
[SourceVersion "1"]
[SourceVersionDate "2010.01.18"]
[SourceQuality "1"]

1. e4 Nf6 {According to the Megabase a first for Riazantsev, who usually plays
either the Caro-Kann, or the French Defence. One can only speculate about his
reasons - perhaps a combination of his bad start (0,5/4) and loss in the
Advance Caro-Kann against Svidler (Round 3), plus a will to experiment.} 2. e5
Nd5 3. d4 d6 4. Nf3 {Grischuk has always played this solid continuation, only
once in a rapid game he went for the wild line} (4. c4 Nb6 5. f4 dxe5 6. fxe5
Nc6 7. Be3 Bf5 8. Nc3 e6 9. Nf3 Be7 10. d5 exd5 11. cxd5 Nb4 12. Nd4 Bd7 13. e6
fxe6 14. dxe6 Bc6 15. Qg4 Bh4+ 16. g3 O-O 17. O-O-O Bxh1 18. gxh4 Qf6 19. Bb5
c6 20. Bg5 Qe5 21. e7 Rfe8 22. Rxh1 $2 (22. Nf5 $13) 22... cxb5 23. Nf3 Nd3+ (
23... Qc5 $1 $17) 24. Kc2 $6 (24. Kb1 $142) 24... Qd6 25. Rd1 Nf2 26. Rxd6 Nxg4
27. Rd4 Nf6 $19 {Grischuk,A (2748)-Svidler,P (2726)/Odessa rpd/2009/}) 4...
dxe5 {Black strives for a position with a Caro-Kann pawn structure after all.}
({The other main moves are the most popular} 4... Bg4) ({and Alburt's pet line
} 4... g6) 5. Nxe5 ({As} 5. dxe5 Bg4 6. Be2 Nc6 {allows Black to develop
freely and with ease, White invariably opts for the text move, which gives him
more () in the [+].}) 5... g6 ({More in the Caro-Kann spirit is the solid, but
slightly passive} 5... c6) ({When Larsen introduced this line of the Alekhine
to high-level practice in the 1960s, he tried the provocative} 5... Nd7 {After}
6. Nxf7 (6. Nf3 $5 {is a less committal way to fight for an edge.}) 6... Kxf7
7. Qh5+ Ke6 8. c4 N5f6 9. d5+ Kd6 10. Qf7 $13 {White has a dangerous attack,
but the issue is still not fully clear.}) 6. Bc4 {The main line.} (6. c4 Nb6 7.
Nc3 Bg7 8. Be3 O-O 9. Rc1 (9. Qf3 f6 10. Nd3 e5 $5 $132 11. dxe5 fxe5 12. Qd1
Nc6 13. Nc5 Qe8 14. Nd5 Qf7 15. Ne4 Bf5 16. Ng5 Qd7 17. Nxb6 Qxd1+ 18. Rxd1
axb6 19. c5 h6 20. Bc4+ Kh8 21. h4 b5 22. Nf7+ Kh7 23. Ng5+ Kh8 24. Nf7+ Kh7
25. Ng5+ {1/2,Polgar,J (2630)-Agdestein,S (2600)/Isle of Lewis/1995/}) 9... c5
10. Be2 cxd4 11. Bxd4 Bh6 (11... Be6 $5 12. b3 Qc7 13. Nb5 Qc8 $13) 12. Ra1 f6
13. Ng4 Bxg4 14. Bxg4 Nc6 15. Bc5 {Grischuk,A (2606)-Baburin,A (2590)/Torshavn/
2000/} f5 16. Bf3 Ne5 $13 {Grischuk}) (6. g3 Bg7 7. Bg2 O-O 8. O-O c6 9. Re1
Bf5 10. c3 Nd7 11. Nf3 Re8 12. Nbd2 N7f6 $6 ({Now Black will come under
pressure, the principled move is} 12... e5 $1 $132) 13. Nc4 Qc7 14. Nce5 Ng4
15. Nh4 Nxe5 16. Nxf5 gxf5 17. dxe5 e6 18. Qe2 Ne7 19. f4 Nd5 20. c4 Ne7 21.
Be3 Rad8 22. b4 $36 {Anand,V (2720)-Adams,M (2640)/Linares cm/1994/}) 6... Be6
({Black often plays} 6... c6 7. O-O Bg7 {, but we will see the less usual text
move can lead to similar positions.} 8. Nd2 (8. Bb3 O-O 9. Re1 Be6 (9... Nd7
10. Nf3 N7f6 11. c4 Nc7 12. h3 $1 c5 13. Nc3 cxd4 14. Nxd4 Ne6 15. Be3 Nxd4 16.
Qxd4 Be6 17. Qh4 Qa5 18. c5 Bxb3 19. axb3 Qc7 20. b4 a6 21. Bf4 $16 {Kasparov,
G (2795)-Adams,M (2660)/Linares/1997/}) 10. c3 Nd7 11. Nf3 Bg4 12. Nbd2 e6 13.
h3 Bxf3 14. Nxf3 a5 15. Bg5 Qc7 16. a4 Rfe8 17. Bh4 N7f6 18. Bg3 Qe7 19. Ne5
Nh5 20. Bh2 Bh6 21. Qf3 Qf6 $14 {/=, Topalov,V (2739)-Ivanchuk,V (2717)/Monte
Carlo rpd/2002/ A typical situation - White has the ^^ and (), but Black's
setup is solid and resilient. Such situations can arise also frm the Caro-Kann,
or Rubinstein French with 3...dxe4; all in all White is slightly better.}) 8...
O-O 9. Ndf3 Nd7 10. Nd3 $1 (10. h3 $6 Nxe5 11. Nxe5 Be6 12. Bb3 Nc7 13. Re1
Bxb3 14. axb3 c5 15. Be3 Nb5 $36 {Movsesian,S (2747)-Svidler,P (2726)/Odessa
rpd/2009/}) 10... N7b6 11. Bb3 Bg4 (11... a5 12. a4 Bf5 13. Re1 Qc7 14. Bg5
Bxd3 15. Qxd3 e6 16. c3 Nd7 17. Rad1 Rfe8 18. g3 Qb6 19. Qc2 Qa6 20. h4 h6 21.
Bd2 Rad8 22. Qc1 h5 23. Bg5 Rc8 24. Ne5 Nf8 25. Nd3 $14 {Bologan,V (2688)
-Miroshnichenko,E (2690)/SRB-chT/2009/}) 12. c3 e6 13. h3 Bxf3 14. Qxf3 Nd7 15.
Qg3 a5 16. a4 Re8 17. Re1 Qb6 18. Bc4 Qc7 19. Qxc7 Nxc7 20. Bf4 Rec8 21. Rad1
b5 22. Bb3 Bf8 $14 {Nijboer,F (2578)-Vaganian,R (2641)/NED-chT/2001/}) 7. O-O
Bg7 8. Re1 (8. Nd2 O-O 9. Ne4 (9. Re1 {transposes to the game}) 9... c6 10. Re1
Nc7 11. Bb3 Bxb3 (11... Nd7 $142 $1) 12. axb3 Ne6 13. c3 Nd7 14. Nxd7 Qxd7 15.
b4 a6 16. Qf3 Rae8 {Stein-Honfi,K/Budapest/1968/} 17. h4 $14) 8... O-O 9. Nd2
Nd7 ({Weak is} 9... Nf4 $2 10. Qf3 Bxc4 11. Ndxc4 Nd5 12. Na5 $1 e6 13. Nxb7
Qc8 14. Nc5 c6 15. c4 Nb4 16. Re2 f6 17. Ned3 $19 {Korneev,O (2540)-Jung,K 
(2210)/Metz/1995/}) ({Riazantsev again avoids Caro-Kann structures, but here
more solid is} 9... c6 $142 {The resulting type of positions has already been
mentioned in the note to Black's 6th move:} 10. c3 (10. h3 Nd7 (10... Nc7 11.
c3 Bxc4 12. Ndxc4 Nd7 13. Qb3 Nxe5 14. Nxe5 Nb5 15. Bg5 Nd6 16. Ng4 Re8 {
Dominguez Perez,L (2596)-Alayola Montanez,J (2199)/Merida/2001/} 17. Re2 $36 {
Dominguez}) 11. Nef3 b5 12. Bb3 c5 $1 13. c3 c4 14. Bc2 Qc7 15. Ne4 Bf5 16. Bg5
a5 17. Qd2 b4 18. Nh4 e6 $5 19. Nxf5 exf5 20. Ng3 Rae8 21. Rxe8 Rxe8 22. Re1
Rxe1+ 23. Qxe1 Nf8 $11 {Gomez Celdran,F (2263)-Duran Vallverde,J (1800)/corr/
2006/}) 10... Nd7 11. Nef3 Bg4 12. h3 Bxf3 13. Nxf3 e6 14. Bg5 (14. a4 Qc7 15.
Bg5 Rfe8 16. Qd2 a5 17. Re2 Qd6 18. Rae1 Qf8 19. Bb3 N7b6 20. Qc1 Rac8 21. h4
c5 {Ivanov,A (2415)-Kengis,E (2475)/Pavlodar/1987/} 22. dxc5 {/\h5+/=}) 14...
Qc7 15. Qd2 Rfe8 16. Rad1 a5 17. a4 b6 18. Re2 Qb7 19. Bh6 b5 20. Bxg7 Kxg7 21.
Bb3 Rad8 22. Qc2 N7b6 23. Ne5 $14 {Unzicker,W (2435)-Moor,R (2330)/Zuerich/
1998/}) ({Interesting, but risky is} 9... Bxe5 10. dxe5 (10. Rxe5 $5 Nc6 11.
Rxe6 fxe6 12. Nf3 $44) 10... Nc6 11. Ne4 Ne3 (11... Ndb4 $5) 12. Bxe3 Bxc4 13.
Qg4 $6 Nxe5 14. Qh4 f6 15. Bf4 Nf7 16. Rad1 Qc8 17. Be3 Nd6 18. Bc5 Bf7 19. Bb4
Nf5 20. Qf4 Rd8 21. g4 Rxd1 22. Rxd1 Nd6 23. Re1 Nxe4 24. Rxe4 c5 25. Bc3 {
Zakhariev,Z (2310)-Donev,I (2350)/Elenite/1986/} g5 $17) 10. Nef3 $1 {We have
already seen this typical motif - having a space advantage, White avoids
exchanges. He prepares not only Ng5, but also his following move...} N7f6 $6 {
Too provocative.} (10... N7b6 $142 11. Bf1 Nf6 ({Black has a lot of trouble
with effectively placing this B and he should probably just swap it with} 11...
Bg4 $5 $14 {, although here the situation is perhaps more promising for White
than in the examples after 6...c6 and 9...c6.}) 12. c4 (12. h3 $5) 12... c6 13.
b3 a5 14. a4 Re8 15. Bb2 Nc8 16. g3 Nd6 17. Bg2 (17. Rxe6 $1 fxe6 18. Qe2 $16)
17... Nf5 $2 ({This was the last chance to play} 17... Bg4 $14) 18. Qc2 Qc7 19.
h3 Red8 20. g4 Nd6 21. Rxe6 $1 {A taste of things to come...} fxe6 22. Ng5 Rdc8
23. Nxe6 Qd7 24. Re1 Nf7 25. g5 Nh5 26. Bf3 Be5 27. dxe5 {1-0,Paavilainen,J 
(2280)-Nokka,R (2250)/FIN-chT/1989/}) 11. Rxe6 $1 $146 {[%mdl 520];Tal,
M-Kolarov,A EU-chT (Men) 04th 1970 (3.6) 1-0 White doesn't hesitate. While in
this concrete position the exchange sacrifice is (perhaps surprisingly) new,
Grischuk could draw upon similar examples from the past. We have already
mentioned one above; notable is also the game} ({Plausible, but less incisive
is} 11. Bf1 c6 12. c4 Nc7 13. b3 Bf5 (13... b5 $2 14. Ba3 a5 15. Ne5 b4 16. Bb2
Bd7 17. g3 Ne6 18. Bg2 Rc8 19. Ndf3 Rc7 20. a3 Qb8 21. axb4 axb4 22. Nd3 Rd8
23. Qd2 Bc8 24. Ra4 $18 {Unzicker,W (2525)-Williams,A (2390)/Buenos Aires olm/
1978/}) (13... Bg4 $5 $14 {again deserves attention.}) 14. Ba3 (14. Bb2 $5 {()}
) 14... Re8 15. h3 Nd7 $6 (15... Ne6 $5 {/\} 16. g4 Nxg4 17. hxg4 Bxg4 $44) 16.
g4 Be6 17. Ne4 Nf6 18. Nc5 b6 19. Nxe6 (19. Nd3 $1 {[%csl Rc6][%cal Yf1g2,
Yd3e5] /\Bg2,Nde5+/-}) 19... Nxe6 20. Bg2 Nd7 21. Qd2 $14 {Kosmol,H (2270)
-Robidoux,M (2090)/corr/1997/}) 11... fxe6 12. Ng5 Qd6 13. Qe1 b5 $6 {׫} (
13... Ng4 $2 14. Qxe6+ Qxe6 15. Nxe6 $16) ({Black had better tries, than the
text move, but White in any case has excellent compensation:} 13... Nf4 14.
Ndf3 (14. Nb3 $5 $14) (14. g3 h6 15. Nxe6 (15. Ngf3 $5 N4d5 16. Bd3 {\/->׻})
15... Nxe6 16. Bxe6+ Kh8 17. c3 $44) 14... N6d5 15. Bxf4 $1 Nxf4 16. Qe4 $36 {
/\Re1,g3}) (13... c6 $5 14. Ndf3 $5 (14. Nxe6 $2 Ng4 $36) (14. Qxe6+ Qxe6 15.
Nxe6 $44) 14... Bh6 15. Nxe6 (15. Ne4 Nxe4 16. Bxh6 Rxf3 17. gxf3 Nef6 18. Qe2
Kf7 $13) 15... Bxc1 16. Rxc1 $36) 14. Bb3 (14. Bxb5 $5 {/\} Nb4 15. Ba4 $16)
14... a5 15. a4 $5 $16 {White is in no hurry take the poor Pe6 and creates
other >< first.} (15. Qxe6+ Kh8 $142 $1 (15... Qxe6 $6 16. Nxe6 Rfc8 (16... Rf7
17. a4 bxa4 18. Rxa4 $36) 17. a4 $1 c6 18. Nf3 $44 {/+/-}) 16. Nde4 (16. Nf7+
$4 Rxf7 17. Qxf7 Rf8 $19) 16... Qxe6 (16... Nxe4 17. Qxe4 c6 $14) 17. Nxe6 Nb4
$1 18. Nxf8 Nxe4 19. Nxg6+ hxg6 20. a3 c5 $13) (15. Nxe6 Ng4 (15... a4 16. Bxd5
$8 Nxd5 17. Nxf8 Rxf8 18. Nf3 Rxf3 19. gxf3 Bxd4 20. Qe4 Be5 21. f4 $16) 16.
Nxf8 Rxf8 17. Nf3 Bxd4 18. Qe4 Bxf2+ 19. Kf1 $16 {is also promising, but White
quite rightly feels he doesn't need to allow any complications at all.}) 15...
bxa4 (15... c6 16. Ndf3 $1 {/\Ne6+/-}) 16. Nc4 (16. Rxa4 Nb6 17. Nc4 $1 $16)
16... Qc6 17. Rxa4 Ra6 $8 {Black must stop Ne6.} (17... Ng4 18. Nxa5 Qd6 19.
Qxe6+ Qxe6 20. Nxe6 Rxf2 21. h3 $5 $18) 18. Rxa5 (18. Nxa5 $5 Qd7 (18... Qb6
19. Nc4 $18) 19. c4 Nb6 20. Ra3 Rfa8 21. c5 Nbd5 22. Bc4 R6a7 23. Bb5 Qc8 24.
Bd2 $1 $16 {[%cal Rg5e6,Yb2b4,Yb5c6] /+-,/\Ne6,b4,Bc6 and Black is almost
paralysed.} (24. Bc6 $143 Rb8 25. Nxe6 Nb4)) 18... Rfa8 (18... Ng4 19. Rxa6
Qxa6 20. Nxe6 Rxf2 21. Nxg7 Kxg7 22. h3 $18) (18... Rxa5 19. Nxa5 {/\Ne6->})
19. Bd2 (19. Rc5 $1 Qd7 20. Ne5 Qd8 21. Bc4 Rb6 (21... Rd6 22. Nef7) 22. Nxg6
$5 {/\} hxg6 23. Nxe6 $18) 19... Bh6 20. h4 Bxg5 $2 {Exchanging the B is a
positional mistake, which seriously weakens the dark squares.} (20... Qb7 $142
21. g3 $5 $16) 21. hxg5 Nd7 (21... Nh5 22. Ne5 $40) 22. Rxa6 $6 ({Here White
had a pretty immediate win} 22. Ba4 $1 Qxc4 23. Bxd7 Rxa5 (23... Kf7 24. Bb5 $1
Rxa5 25. Bxc4 Ra1 26. Bc1 Rb1 27. Kh2 Raa1 28. Qe4 Rxc1 29. Bb5 $1 $18 {
[%cal Re4f3,Rb5e8] /\Qf3,Be8}) 24. Bxe6+ Kf8 (24... Kh8 25. Qe5+ Nf6 26. Bxa5
Rxa5 27. Bxc4 Rxe5 28. dxe5 $18) 25. Qe5 $3 {with a mating ->.}) 22... Qxa6 (
22... Rxa6 23. Na5 Qd6 (23... Qb6 24. c4 Rxa5 25. Bxa5 Qxb3 26. Qxe6+ $18) 24.
Ba4 $5 (24. c4 Nf4 25. c5 Qxd4 26. Bxf4 Nxc5 (26... Qxf4 27. Bxe6+ $18) 27. Be5
$16 (27. Be3 $16)) 24... Nf8 25. Bb5 Ra8 26. Nc6 $40) 23. Na5 $1 {/\c4,Ba4
Stops any <=> on the <->a and enhances his own threats.} c5 $6 {Desperation.} (
{More resilient was} 23... Nf8 $142 24. c4 Qb6 (24... Nb6 25. Bc3 $40) 25. Bd1
$1 (25. cxd5 Rxa5 26. Bxa5 Qxb3 27. Bxc7 Qxb2 $14) 25... Nf4 26. Nb3 Nh5 27.
Bc3 $16 {->}) (23... Qd6 24. c4 Nf4 25. g3 $18) (23... Qb6 24. Qe4 $40) 24. Ba4
Ra7 (24... Nf8 25. dxc5 $18) (24... Qd6 25. Nb7 $18) 25. Bxd7 Rxd7 26. dxc5 $18
{[%csl Gb2,Gc2,Gc5][%cal Ra1h8] With o^ on the >> in connection with the -> on
the /^a1-h8 Black's position is beyond hope.} Nc7 (26... Kf7 27. c4 Nc7 28. b4
$18 (28. Bc3 $18)) 27. c4 Qa8 (27... e5 28. c6 Rd3 (28... Rd6 29. Bc3 $18) 29.
b4 (29. Qxe5 $5 Rxd2 30. Qxc7 Qa8 31. Qxe7 {/\b4} Qxa5 32. c7 Qf5 33. Qd8+ $1
$18) 29... Qc8 30. b5 $18) 28. c6 {Here White already has a wide and pleasant
choice.} (28. Bc3 $18) 28... Rd3 29. Bc3 Qf8 (29... Kf7 30. Qe5 Ne8 31. Qh8 $18
) 30. Qe5 Rd1+ 31. Kh2 (31. Kh2 Na6 32. Qh8+ Kf7 33. Qxh7+ Ke8 34. Qxg6+ Qf7 (
34... Kd8 35. Be5 $18) 35. Qxf7+ Kxf7 36. b4 $18) 1-0

[Event "RUS-ch 62nd"]
[Site "Moscow"]
[Date "2009.12.26"]
[Round "6"]
[White "Grischuk, Alexander"]
[Black "Sjugirov, Sanan"]
[Result "1-0"]
[WhiteElo "2736"]
[BlackElo "2612"]
[Annotator "Ftacnik,L"]
[PlyCount "63"]
[EventDate "2009.12.20"]
[EventType "tourn"]
[EventRounds "9"]
[EventCountry "RUS"]
[EventCategory "18"]
[SourceTitle "CBM 134"]
[Source "ChessBase"]
[SourceDate "2010.01.18"]
[SourceVersion "1"]
[SourceVersionDate "2010.01.18"]
[SourceQuality "1"]

1. e4 c5 2. Nf3 d6 3. d4 cxd4 4. Nxd4 Nf6 5. Nc3 a6 6. Be3 e5 7. Nb3 Be6 8. Qd2
Be7 9. f3 O-O 10. O-O-O Qc7 11. g4 Rc8 12. g5 Nh5 13. Kb1 Nd7 14. f4 $5 {
Grischuk is using a rarely played idea in the position, where at least three
other ideas have been tested extensively.} (14. Nd5) (14. Qf2) (14. Rg1) 14...
exf4 15. Bxf4 Nxf4 16. Qxf4 Ne5 $2 {White will display such a comfortable way
of handling the position, that Black probably needs a better idea at the
moment. I presume that the knight move to b6 might offer much better chances
in the fight for equality.} (16... b5 17. Nd4 b4 18. Nd5 Bxd5 19. exd5 a5 20.
h4 Ne5 21. h5 (21. Bh3 Rf8 22. Nc6 $16) 21... a4 22. g6 Bf6 23. Bh3 a3 24. Bxc8
Rxc8 25. gxf7+ Qxf7 26. h6 $18 {1/2-1/2 De la Paz Perdomo,F (2461)-Mosquera,M 
(2434)/Havana 2005 (46)}) (16... Nb6 $5 17. Nd4 Qd7 18. Nxe6 Qxe6 $14) 17. h4 (
17. Nd4 Re8 18. h4 Rac8 19. h5 Nc4 20. Bxc4 Bxc4 21. Nf5 b5 22. Ne3 Qa5 23.
Nxc4 Rxc4 24. Rdf1 Rf8 25. Nd5 Qd8 26. Rhg1 Qe8 27. Nf6+ $1 $18 {1-0 Pavel,M 
(2190)-Nguyen Huynh Minh,H (2217)/Budapest 2006 (30)}) (17. Nd4 Qb6 18. Nd5
Bxd5 19. exd5 Rc5 20. Nf5 Bf8 21. h4 Rac8 $132) 17... Qb6 {The second critical
moment of the opening fight. It seems that both the text and also 17...b5 fail
to promise fair chances. Black may have contemplated the exchange sacrifice
after the more modest retreat 17...Qd8!?} (17... b5 18. Nd4 $1 (18. Rh2 b4 19.
Nd5 Bxd5 20. exd5 a5 21. Nd4 a4 22. Rh3 Ra5 23. Qe4 Bf8 24. Bd3 Nxd3 25. cxd3
a3 26. Nc6 axb2 27. Rh2 b3 $15 {0-1 Jaracz,B (2306)-Kadziolka,B (2289)/
Bogatynia 2009 (42)}) 18... b4 19. Nd5 Bxd5 20. exd5 Qb7 (20... a5 21. Bh3 Rf8
22. Nc6 $16) 21. Bg2 Rc4 22. b3 Rc3 23. Nc6 $16) (17... Qd8 $5 18. Bh3 Rxc3 19.
bxc3 Bc4 20. Bf1 (20. Qe3 a5 $132) 20... Be6 21. Qe3 Rc8 22. Bh3 Nc4 23. Qf2
Qc7 $14) 18. Nd5 Bxd5 19. Rxd5 $1 {The reacapturing with the rook is desirable,
since it helps to slow down Black's counterplay. Quite often the openness of
the diagonal a2-g8 can be used to White's benefit.} (19. exd5 a5 20. Rd4 (20.
a4 Rxc2 21. Kxc2 Rc8+ 22. Kb1 Qxb3 23. Rc1 (23. Bb5 Nc4 24. Bxc4 Rxc4 25. Qf5
Rxa4) 23... Rxc1+ 24. Qxc1 Qxa4) 20... a4 21. Rxa4 Rxa4 22. Qxa4 Qe3 23. Bb5
Qf3 24. Re1 Qxd5 $14) 19... a5 (19... Qd8 20. Be2 b5 21. Nd4 Ra7 22. Rf1 $16)
20. Rb5 Qc7 21. Nd4 a4 22. a3 $1 Ra5 {Sjugirov has a hard time coming up with
anything, that could give him real counterplay.} 23. h5 (23. c3 Rxb5 24. Bxb5
Qb6 25. Rh3 $16) 23... Bf8 $6 (23... Rxb5 24. Bxb5 Qc5 25. c3 Ra8 26. Rf1 Qc8
27. Be2 $16) 24. g6 $1 {[%mdl 128] Grischuk plays in great style seemingly
without much effort. Storming the kingside position has devastating
consequences.} Rxb5 (24... fxg6 25. hxg6 Nxg6 26. Qf5 Rxb5 27. Bxb5 Ra8 28. Bd7
$18) 25. Bxb5 Qb6 (25... fxg6 26. hxg6 Nxg6 27. Qf5 Ra8 28. Bd7 $18) 26. gxf7+
Kh8 (26... Nxf7 27. Rf1 Ne5 28. Bxa4 $1 Qxd4 29. Bb3+ $18 {The diagonal has
decided the game!}) 27. h6 $1 {Opening up access to the black king before its
army can organise better resistance.} Qxd4 (27... gxh6 28. Ne6 Bg7 29. Nxg7
Kxg7 30. f8=Q+ Rxf8 31. Qxh6+ Kf7 32. Rf1+ $18) 28. hxg7+ Bxg7 (28... Kxg7 29.
Qh6+ Kxf7 30. Qxh7+ Bg7 31. Qf5+ Bf6 32. Qxc8 $18) 29. Qf5 Ng6 (29... h6 30.
Qxc8+) 30. Qxc8+ Nf8 31. Qc3 Qxe4 (31... Qxc3 32. bxc3 Bxc3 33. Rg1 Bg7 34.
Bxa4 $18) 32. Rg1 {White's convincing performance represents the dream of
attacking chess in the Sicilian Defence.} (32. Rg1 Qe5 33. Qxe5 dxe5 34. c3 Ng6
35. Bd3 Nf4 36. Kc2 $18) 1-0

[Event "RUS-ch 62nd"]
[Site "Moscow"]
[Date "2009.12.27"]
[Round "7"]
[White "Timofeev, Artyom"]
[Black "Grischuk, Alexander"]
[Result "1/2-1/2"]
[WhiteElo "2651"]
[BlackElo "2736"]
[PlyCount "115"]
[EventDate "2009.12.20"]
[EventType "tourn"]
[EventRounds "9"]
[EventCountry "RUS"]
[EventCategory "18"]
[SourceTitle "CBM 134"]
[Source "ChessBase"]
[SourceDate "2010.01.18"]
[SourceVersion "1"]
[SourceVersionDate "2010.01.18"]
[SourceQuality "1"]

1. e4 c5 2. Nf3 d6 3. d4 cxd4 4. Nxd4 Nf6 5. Nc3 a6 6. Be2 e5 7. Nb3 Be7 8. O-O
O-O 9. Re1 Be6 10. Bf3 a5 11. a4 Na6 12. Nd2 Nb4 13. Nf1 Qc8 14. Bg5 h6 15. Bh4
Bd8 16. Ne3 Nh7 17. Bg3 Bb6 18. Nf5 Bxf5 19. exf5 Qxf5 20. Qxd6 Bd4 21. Be4 Qf6
22. Nb5 Qxd6 23. Nxd6 Bxb2 24. Rab1 Bc3 25. Re3 Bd4 26. Reb3 Na2 27. Bxb7 Rab8
28. Nf5 Nc3 29. Re1 Rbd8 30. Ne7+ Kh8 31. Nc6 Rde8 32. Kf1 Nf6 33. Nxe5 Nxa4
34. Bc6 Nc5 35. Nxf7+ Kg8 36. Bxe8 Nxb3 37. cxb3 Nxe8 38. Ne5 Nf6 39. Nc4 Nh5
40. f3 Nxg3+ 41. hxg3 Rb8 42. Nxa5 Bc3 43. Nc6 Rxb3 44. Re3 Rb1+ 45. Ke2 Rb2+
46. Kd3 Bf6 47. Re2 Rxe2 48. Kxe2 h5 49. Kd3 g6 50. Ke4 Bc3 51. Ne5 Kg7 52. g4
hxg4 53. Nxg4 Kf7 54. f4 Ke6 55. Ne5 Kf6 56. g4 Bd2 57. f5 gxf5+ 58. gxf5
1/2-1/2